Statistics for Cholera Symptoms

Click here to take the quiz!

General Stats

  • This quiz has been taken 5 times
  • The average score is 4 of 7

Answer Stats

HintAnswer% Correct
Vomiting
100%
GastrointestinalNausea
75%
Pain areasAbdomen
50%
Whole bodyDehydration
50%
Severe Diarrhea
50%
Lethargy
25%
Water-Electrolyte imbalance
25%

Score Distribution

Percentile by Number Answered

Percent of People with Each Score

Your Score History

You have not taken this quiz